| 000 | 01486cam a2200253 4500 | ||
|---|---|---|---|
| 001 | ABS68075 | ||
| 008 | 040730n2004 000 0 eng u | ||
| 035 | _a(Sirsi) u126982 | ||
| 100 | _aWatkinson, R. | ||
| 245 | _aHazardous waste - the big squeeze | ||
| 260 | _c2004 | ||
| 490 |
_aEnergy and Environmental Management _vJuly/August 2004, 20(1) |
||
| 520 | _aDiscusses the effect of the Landfill Directive (Directive 99/31/EC) when the ban on the co-disposal of hazardous and non hazardous wastes at many local landfill sites comes into force. Further changes are imminent with the introduction of the waste electrical and electronic equipment directive (Directive 02/96/EC) and the restriction of hazardous substances directive(Directive 02/95/EC). Urges the waste industry and businesses to take the opportunity to develop a more sustainable management of resources and waste. Provides contact details for Environment Agency guidance and information on permitted hazardous waste landfill sites. Provides details of NetRegs, www.netregs.gov.uk, for guidelines and further information for smaller businesses and Envirowise, www.envirowise.gov.uk, for support and advice on waste minimisation. | ||
| 590 | _aABS | ||
| 590 | _aABS | ||
| 650 | _aHAZARDOUS WASTE | ||
| 650 | _aDIRECTIVE 99/31/EC | ||
| 650 | _aDIRECTIVE 02/96/EC | ||
| 650 | _aDIRECTIVE 02/95/EC | ||
| 650 | _aLANDFILL SITES | ||
| 650 | _aWASTE MINIMISATION | ||
| 690 | _aWASTE MANAGEMENT | ||
| 942 | _n0 | ||
| 999 |
_c117799 _d117799 |
||